Chile y Perú: historia de sus relaciones diplomáticas entre 1879 y 1929
Na minha lista:
| Autor principal: | |
|---|---|
| Formato: | Livro |
| Idioma: | espanhol |
| Publicado em: |
Santiago, Chile
RIL
2004
|
| Colecção: | Fondo de Publicaciones Diplomáticas,
8 |
| Assuntos: | |
| Tags: |
Adicionar Tag
Sem tags, seja o primeiro a adicionar uma tag!
|
MARC
| LEADER | 00000nam a2200000 a 4500 | ||
|---|---|---|---|
| 001 | UCK3974 | ||
| 003 | CL-VaPUC | ||
| 005 | 20220824094155.0 | ||
| 008 | 050513e20040000CL |||||||||||||||||spa|d | ||
| 999 | |c 313016 |d 313014 | ||
| 020 | |a 9562844099 | ||
| 040 | |c Pontificia Universidad Católica de Valparaíso | ||
| 082 | 0 | 4 | |a 327.83084 FER 2004 |2 21 |
| 100 | 0 | |a Fernández Valdés, Juan José |e author |9 492403 | |
| 245 | 1 | 0 | |a Chile y Perú: |b historia de sus relaciones diplomáticas entre 1879 y 1929 |
| 260 | |a Santiago, Chile |b RIL |c 2004 | ||
| 300 | |a 627 páginas | ||
| 490 | 0 | |a Fondo de Publicaciones Diplomáticas, |v 8 | |
| 583 | |a last modification |c 20050513 00:00:00 |k Rodrigo Vera | ||
| 650 | 0 | |a Diplomacia |z CHILE |z PERU |9 256483 | |
| 650 | 0 | |a Relaciones Exteriores |z CHILE |z PERU |9 255379 | |
| 650 | 0 | |a Relaciones diplomáticas |z CHILE |z PERU |9 381723 | |
| 650 | 0 | |a Tratados internacionales |z CHILE |z PERU |9 256056 | |
| 852 | |a BIBCUR | ||
| 942 | |c BK |2 ddc | ||
| 945 | |d 20050513 00:00:00 |a jcarroza | ||
| 952 | |0 0 |1 0 |2 ddc |4 0 |6 327_830840000000000_FER_2004 |7 0 |8 A |9 384049 |a BIBHIS |b BIBHIS |d 2019-11-22 |i 4125703 |o 327.83084 FER 2004 |p 4125703 |r 2025-01-20 |t 2 |w 2019-11-22 |y BK |k HIS | ||
| 952 | |0 0 |1 0 |2 ddc |4 0 |6 327_830840000000000_FER_2004 |7 0 |8 X |9 384050 |a FDOBUD |b FDOBUD |d 2019-11-22 |i 4578341 |o 327.83084 FER 2004 |p 4578341 |r 2019-11-22 |t 4 |w 2019-11-22 |y BK_X |k BUD | ||
| 952 | |0 0 |1 0 |2 ddc |4 0 |6 327_830840000000000_FER_2004 |7 0 |8 A |9 384051 |a BIBHIS |b BIBHIS |d 2019-11-22 |i 4664418 |l 3 |m 2 |o 327.83084 FER 2004 |p 4664418 |r 2025-01-20 |s 2023-08-11 |t 3 |w 2019-11-22 |y BK |k HIS | ||
| 952 | |0 0 |1 0 |2 ddc |4 0 |6 327_830840000000000_FER_2004 |7 0 |8 DER_HDC |9 384052 |a BIBDER |b BIBDER |d 2019-11-22 |i 4680995 |o 327.83084 FER 2004 |p 4680995 |r 2023-01-25 |t 1 |w 2019-11-22 |x Ubicación 4to Piso |y BK |z Estos recursos deben solicitarse con anticipación |k DER | ||